| 000 | | | 04746nac2a22003133x 450 |
| 001 | | | fc4cb082-1149-418c-a8f1-3fb7e982199e |
| 005 | | | 20210719111603.0 |
| 100 | ## | $a | 20210612l1936 k y0rusy50 ca |
| 101 | 0# | $a | rus |
| 102 | ## | $a | RU |
| 105 | ## | $a | y z ||||| |
| 122 | 0# | $a | d19360113 |
| 200 | 1# | $a | Стенограмма Заседания Союзного Совета. /Утро/. /Авторско-редакцион./ |
| | $j | 13.01.1936 |
| 215 | ## | $a | 151 лист |
| 251 | ## | $c | Дело |
| 300 | ## | $a | Заголовок дела на папке: 2-я сессия ЦИК СССР 7-го созыва. Стенограмма Заседания Союзного Совета. Утреннее, 13 января 1936 г. |
| 300 | ## | $a | Авторско-редакционный экземпляр |
| 300 | ## | $a | Машинописный и рукописный текст |
| 330 | ## | $a | Входит в раздел описи: VII-й Съезд Советов. 2-я Сессия ЦИК СССР |
| 461 | #0 | $1 | 001796d4672-8a00-4986-b488-6e42273792cc |
| | $1 | 2001 |
| | $a | ЦЕНТРАЛЬНЫЙ ИСПОЛНИТЕЛЬНЫЙ КОМИТЕТ СССР (ЦИК СССР) |
| | $1 | 251 |
| | $c | Фонд |
| | $1 | 852 |
| | $j | 3316 |
| | $g | Р |
| 462 | #0 | $1 | 0012246e4af-064a-4b66-b386-cae0ddb7fb2d |
| | $1 | 2001 |
| | $a | Дела 7-го Съезда Советов и 1-й, 2-й, 3-й, 4-й Сессий 7-го созыва. 1935-1937 гг. |
| | $v | Д. 147 |
| | $1 | 251 |
| | $c | Опись |
| | $1 | 852 |
| | $j | 7 |
| 517 | 1# | $a | 2-я сессия ЦИК СССР 7-го созыва. Стенограмма Заседания Союзного Совета. Утреннее, 13 января 1936 г. |
| 601 | 01 | $3 | RU\NLR\AUTH\880357276 |
| | $a | СССР |
| | $b | ЦИК |
| 601 | 02 | $3 | RU\NLR\AUTH\880399376 |
| | $a | СССР |
| | $b | ЦИК |
| | $b | Созыв |
| | $c | 7 |
| | $b | Сессия |
| | $d | 2 |
| 601 | 02 | $a | СССР. ЦИК. Созыв (7). Сессия (2). Заседание Союзного Совета |
| 601 | 01 | $3 | RU\NLR\AUTH\880399260 |
| | $a | СССР |
| | $b | Центральный исполнительный комитет |
| | $b | Союзный Совет |
| 801 | #0 | $a | RU |
| | $b | GA_RF |
| 801 | #1 | $a | RU |
| | $b | ГлавНИВЦ |
| | $c | 20210612 |
| | $2 | rusmarc |
| 801 | #2 | $a | RU |
| | $b | ПБ им. Б.Н. Ельцина |
| | $c | 20210719 |
| | $g | RCR |
| | $2 | rusmarc |
| 852 | ## | $a | ГА РФ |
| | $j | 147 |
| 937 | ## | $d | 166398595 |
| | $h | ГАРФ |
| 035 | ## | $a | RuPRLIB51060603 |
| 856 | ## | $u | http://readingroom.main.prlib.ru/item.aspx?id_node=n166398595&mode=full |